Marketing (Record no. 2651)

MARC details
005 - DATE AND TIME OF LATEST TRANSACTION
control field 20250629115313.0
020 ## - INTERNATIONAL STANDARD BOOK NUMBER
International Standard Book Number 0-07-059022-2
082 ## - DEWEY DECIMAL CLASSIFICATION NUMBER
Classification number 658. 8 ETZ
100 ## - MAIN ENTRY--PERSONAL NAME
Author name ETZEL, M. J.
245 ## - TITLE STATEMENT
Title Marketing
250 ## - EDITION STATEMENT
Edition statement 13th Ed.
260 ## - PUBLICATION, DISTRIBUTION, ETC.
Place of publication, distribution, etc. New York,
Name of publisher, distributor, etc. Tata McGraw-Hill,
Date of publication, distribution, etc. 2004.
300 ## - PHYSICAL DESCRIPTION
Extent xxi, 650p.: ill.; figure, picture, table.
Other physical details Glossary, index, references.
Dimensions 28cm.
700 ## - ADDED ENTRY--PERSONAL NAME
Other authors/Editors WALKER, B. J. & STANTON, W. J.
856 ## - ELECTRONIC LOCATION AND ACCESS
Link text Access online book
Electronic name Marketing
Path www.tatamcgrawhill.com
942 ## - ADDED ENTRY ELEMENTS (KOHA)
Source of classification or shelving scheme Dewey Decimal Classification
Koha item type Books
Holdings
Date last seen Total checkouts Full call number Barcode Cost, replacement price Price effective from Koha item type Lost status Source of classification or shelving scheme Damaged status Not for loan Withdrawn status Home library Current library Shelving location Date acquired Cost, normal purchase price Source of acquisition
06/29/2025   658.8 ETZ DOM0004245 105000.00 06/29/2025 Books   Dewey Decimal Classification       CBE Dodoma CBE Dodoma General Collection 08/18/2009 35000.00 Library budget
06/29/2025   658.8 ETZ DOM0004275 105000.00 06/29/2025 Books   Dewey Decimal Classification       CBE Dodoma CBE Dodoma General Collection 08/18/2009 35000.00 Library budget
06/29/2025   658.8 ETZ DOM0004276 105000.00 06/29/2025 Books   Dewey Decimal Classification       CBE Dodoma CBE Dodoma General Collection 08/18/2009 35000.00 Library budget
05/26/2025   658. 8 ETZ 0000009858 105000.00 05/26/2025 Books   Dewey Decimal Classification       College of Business Education Main Library College of Business Education Main Library General Collection 08/18/2009 35000.00